000 00453pam a2200169 a 4500
020 _c
041 _h
082 _a543.08
_bWIL
100 _aWillard, Hobart H.
245 _aInstrumental Methods of Anlysis
_hTextual Documents
250 _a6th ed.
260 _aNew Delhi
_bCBS Publishers & Distributors
_c1986
300 _a1030.
653 _aInstrumental Analysis
700 _aMerritt, Lynne L.
_aDean, John A.
_aSettle, Frank A.
930 _a492
999 _c73805
_d73805